000 00664nam a2200277Ia 4500
005 20260324131207.0
008 008 260324s9999 xx 000 0 eng d
020 _a9780080466019
037 _aEBOOK
040 _aCRL
040 _beng
040 _cCRL
041 _2eng
041 _aeng
084 _qCRL
100 _aTony Moore; Raj Lakha
_91184579
245 0 _aTolley's Handbook of Disaster and Emergency Management
260 _bTaylor and Francis
260 _c2006
365 _a
365 _b305
856 _uhttp://www.taylorfrancis.com/books/9780080466019
942 _cEBOOK
999 _c1781518
_d1781518